| Tag |
First Indicator |
Second Indicator |
Subfields |
| LEADER |
00000cam a2200000 4500 |
| 001 |
in00000022133 |
| 005 |
20151007063856.0 |
| 008 |
780802s1906 enk b 00010 eng |
| 010 |
|
|
|a w 06000361
|
| 035 |
|
|
|a (OCoLC)04102356
|
| 035 |
|
|
|9 AAD8477AM
|
| 040 |
|
|
|a DLC
|c AFU
|d TXA
|d UtOrBLW
|
| 049 |
|
|
|a TXAM
|c [1091]
|
| 090 |
|
|
|a DA501.M7
|b A4 1906
|
| 092 |
|
|
|a 826
|b M758
|
| 100 |
1 |
|
|a Montagu, Mary Wortley,
|c Lady,
|d 1689-1762.
|
| 245 |
1 |
0 |
|a Letters from the Right Honourable Lady Mary Wortley Montagu 1709 to 1762.
|
| 264 |
|
1 |
|a London :
|b J.M. Dent & co.;
|a New York :
|b E.P. Dutton & co.,
|c [1906]
|
| 300 |
|
|
|a xiii, 551 pages ;
|c 18 cm.
|
| 336 |
|
|
|a text
|b txt
|2 rdacontent
|
| 337 |
|
|
|a unmediated
|b n
|2 rdamedia
|
| 338 |
|
|
|a volume
|b nc
|2 rdacarrier
|
| 490 |
1 |
|
|a Everyman's library
|
| 500 |
|
|
|a Introduction by R. Brimley Johnson.
|
| 504 |
|
|
|a List of Lady Montagu's works: pages xiii.
|
| 830 |
|
0 |
|a Everyman's library.
|
| 999 |
|
|
|a MARS
|
| 999 |
f |
f |
|s 44d7fc8b-692f-32f4-a52c-a821569a6cca
|i b9535363-e9d8-3e8f-abea-aaa00a8695ab
|t 0
|
| 952 |
f |
f |
|p ric
|a Texas A&M University
|b Rellis Campus
|c Joint Library Facility
|d Remote Storage
|t 0
|e DA501.M7 A4 1906
|h Library of Congress classification
|i unmediated -- volume
|m A14801341812
|
| 998 |
f |
f |
|a DA501.M7 A4 1906
|t 0
|l Remote Storage
|